000 00750naa a2200229 i 4500
001 6429
003 ES-MaBCM
005 20241016091047.0
008 890628s1989 fra 000 0 fre d
021 _axx
035 _a(OCoLC)1365254086
040 _cES-MaBCM
041 0 _afre
043 _afra
100 1 _aBamberger, Manuel
_93331
245 1 2 _aL'individualisation des salaires
_cManuel Bamberger
520 _aSe analizan las causas de la importancia que tiene últimamente en Francia las subidas individualizadas de los salarios. Los procedimientos más adecuados
650 2 7 _aSalario
_960166
651 4 _aFrancia
_9115364
773 0 _aEn:
_tRegards sur l'actualité
_dParis : 1989
_w104654
_gnº 150, abril ; p. 25-36
942 _cAREV
999 _c6429
_d6429